Trends in the Transformation of Economies Due to the Penetration of Electric Mobility in Passenger Car Sales and Production

Rozvoj elektromobility v Európe a na Slovensku. Hlavné faktory a bariéry rozvoja elektromobility v Európe. Trendy a krátkodobý vývoj elektromobility v Európe. Modelovanie zmien v technologickom mixe v automotive priemysle SR na vybraných sociálno-ekonomických a ekologických ukazovateľoch .

Enregistré dans:
Détails bibliographiques
Auteur principal: Ochotnický, Pavol
Autres auteurs: Sivák, Rudolf, 1955-, Lábaj, Martin, 1982-, Majzlíková, Erika, 1993-, Zábojník, Stanislav, 1984-, Belanová, Katarína, 1978-, Hocman, František, 1983-
Format: Chapitre de livre
Langue:anglais
Sujets:
Tags: Ajouter un tag
Pas de tags, Soyez le premier à ajouter un tag!

MARC

LEADER 00000naa$a2200000$$$4500
001 0307585
005 20260326140625.4
041 0 |a eng 
044 |a DE 
245 1 0 |a Trends in the Transformation of Economies Due to the Penetration of Electric Mobility in Passenger Car Sales and Production  |c Pavol Ochotnický, Rudolf Sivák, Martin Lábaj, Erika Majzlíková, Stanislav Zábojník, Katarína Belanová, František Hocman 
520 |a Rozvoj elektromobility v Európe a na Slovensku. Hlavné faktory a bariéry rozvoja elektromobility v Európe. Trendy a krátkodobý vývoj elektromobility v Európe. Modelovanie zmien v technologickom mixe v automotive priemysle SR na vybraných sociálno-ekonomických a ekologických ukazovateľoch . 
610 2 0 |a elektromobilita 
610 2 0 |a elektromobily 
610 2 0 |a priemysel automobilový 
610 2 0 |a technológie nové 
610 2 0 |a ekonomika 
610 2 0 |a transformácia 
610 2 0 |a regióny 
610 2 0 |a environmentalistika 
610 2 0 |a Slovensko 
610 2 0 |a Európa 
100 1 |a Ochotnický, Pavol 
700 1 |a Sivák, Rudolf, 1955- 
700 1 |a Lábaj, Martin, 1982- 
700 1 |a Majzlíková, Erika, 1993- 
700 1 |a Zábojník, Stanislav, 1984- 
700 1 |a Belanová, Katarína, 1978- 
700 1 |a Hocman, František, 1983-